000 00377cam a2200145 4500
001
008 000000n1949 000 0 eng u
035 _a(Sirsi) u103232
041 _aeng
110 _aMinistry of Works
_91337
245 _aNew methods of house construction.
260 _c1949
490 0 _aNational Building Studies special report no.10, 1949.
942 _n0
999 _c100099
_d100099